Office organisation and management
Сохранить в:
| Главный автор: | |
|---|---|
| Формат: | |
| Опубликовано: |
New Delhi :
Vikas Publishing House,
[1980]
|
| Редактирование: | 2nd. rev. ed |
| Предметы: | |
| Метки: |
Добавить метку
Нет меток, Требуется 1-ая метка записи!
|
MARC
| LEADER | 00000nam a2200000 4500 | ||
|---|---|---|---|
| 005 | 20251217124745.0 | ||
| 020 | |a 9780706999280 |c TZs 39,200/- | ||
| 040 | |a MCCL |b eng. |e AACR 2nd.ed. rev. | ||
| 082 | |a 651.3 ARO | ||
| 100 | |a Arora, S. P | ||
| 245 | |a Office organisation and management |c / S. P. Arora | ||
| 250 | |a 2nd. rev. ed | ||
| 260 | |a New Delhi : |b Vikas Publishing House, |c [1980] | ||
| 300 | |a x, 570 p.; |b ill.; |c 22 cm | ||
| 504 | |a Includes index | ||
| 546 | |a eng. | ||
| 650 | |a Office layout | ||
| 650 | |a Office management | ||
| 650 | |a Office equipment and supplies | ||
| 650 | |a Personnel management | ||
| 942 | |c BK | ||
| 999 | |c 12511 |d 12511 | ||